1550 1001 1504 1939 1053 1068 1531 1272 1602 1623 1805 1734 1080 1058 1969 1236 1176 1520 1445 1992 1395 1708 1212 1562 1793 1731 1103 1553 1769 1375 1671 1256 1849 1527 1235 1792 1578 1557 1479 1605 1302 1869 1801 1589 1033 1307 1575 1550 1339 1717 1595 1206 1007 1964 1881 1758 1905 1590 1048 1274 1143 1785 1143 1141 1411 1058 1367 1178 1026 1860 1711 1091 1243 1319 1860 1373 1174 1721 1492 1802 1721 1909 1123 1462 1229 1058 1939 1554 1830 1474 1467 1692 1003 1959 1275 1398 1620 1084 1393 BCNSPRNW ULIB Ver.6.0+V

เปลี่ยนเป็นภาษาไทย

Change to English
 แสดงรายละเอียดบรรณานุกรม
  กลับหน้าหลัก

Brief Record : Get Marc (ISO 2709) : E-mail record : QR code < ปิดหน้าต่าง
LEADER : 00000nam 2200000uu 4500
001    13399114750
003     ULIB
008    120514s2554||||th 000 0 tha d
020    ^a9786167058535
060  4 ^aWM105^bพ264จ
100 0  ^aพรรณพิมล วิปุลากร
245 00 ^aจิตวิทยาสามัญประจำบ้าน/^cพรรณพิมล วิปุลากร
260    ^aกรุงเทพฯ:^bฐานบุคส์,^c2554
300    ^a143 หน้า:^bภาพประกอบ,^c17cm
650  4 ^aจิตวิทยา
650  4 ^aเด็กก้าวร้าว
650  4 ^aจิตวิทยาครอบครัว
945    ^p130^l0^i19019
945    ^p130^l0^i19020
945    ^p130^l0^i19021
945    ^p130^l0^i19022
945    ^p130^l0^i19023
995    ^aกัณชพร
999    ^aใช้งานได้ทุกระบบ
รายการนี้ยังไม่มีแท็ก
คุณยังไม่ได้ล็อกอิน คุณสามารถมีกิจกรรมร่วมกับเว็บไซต์ได้ แต่ต้องล็อกอินก่อน ::
  ล็อกอิน

รายการสื่อสารสนเทศ

ลำดับที่ ประเภท เลขเรียก/บาร์โค้ด สถานที่ สถานะ
1. วิทยาศาสตร์การแพทย์ และสุขภาพ
วิทยาศาสตร์การแพทย์ และสุขภาพ
สถานะ=หนังสือเก่า
WM105 พ264จ  
  Barcode: 19019
ห้องสมุดวิทยาเขตนครสวรรค์
►ส่วนจัดเก็บหนังสือเก่า นว.
บนชั้น
  ขอยืม
2. วิทยาศาสตร์การแพทย์ และสุขภาพ
วิทยาศาสตร์การแพทย์ และสุขภาพ
สถานะ=หนังสือเก่า
WM105 พ264จ ฉ.2 
  Barcode: 19020
ห้องสมุดวิทยาเขตนครสวรรค์
►ส่วนจัดเก็บหนังสือเก่า นว.
บนชั้น
  ขอยืม
3. วิทยาศาสตร์การแพทย์ และสุขภาพ
วิทยาศาสตร์การแพทย์ และสุขภาพ
สถานะ=หนังสือเก่า
WM105 พ264จ ฉ.3 
  Barcode: 19021
ห้องสมุดวิทยาเขตนครสวรรค์
►ส่วนจัดเก็บหนังสือเก่า นว.
บนชั้น
  ขอยืม
4. วิทยาศาสตร์การแพทย์ และสุขภาพ
วิทยาศาสตร์การแพทย์ และสุขภาพ
สถานะ=หนังสือเก่า
WM105 พ264จ ฉ.4 
  Barcode: 19022
ห้องสมุดวิทยาเขตนครสวรรค์
►ส่วนจัดเก็บหนังสือเก่า นว.
บนชั้น
  ขอยืม
5. วิทยาศาสตร์การแพทย์ และสุขภาพ
วิทยาศาสตร์การแพทย์ และสุขภาพ
สถานะ=หนังสือเก่า
WM105 พ264จ ฉ.5 
  Barcode: 19023
ห้องสมุดวิทยาเขตนครสวรรค์
►ส่วนจัดเก็บหนังสือเก่า นว.
บนชั้น
  ขอยืม

รายการใกล้เคียง
    หัวเรื่อง [จิตวิทยา]
    หัวเรื่อง [เด็กก้าวร้าว]
    หัวเรื่อง [จิตวิทยาครอบครัว]

BibComment


ยังไม่เคยถูกคอมเมนท์

คอมเมนท์ทรัพยากรรายการนี้
  คอมเมนท์: จิตวิทยาสามัญประ..


 Copyright 2026. Bcnsprnw @Library